| 000 | 00457nam a2200169Ia 4500 | ||
|---|---|---|---|
| 008 | 231217s9999 xx 000 0 und d | ||
| 041 | _aEnglish | ||
| 082 | _a001.6424XML YOU | ||
| 100 | _aYoung, Michael J | ||
| 245 | 0 | _aXML : step by step | |
| 250 | _a2nd ed | ||
| 260 |
_c2002 _bMicrosoft Press _aWashington |
||
| 300 | _axix+488 | ||
| 300 | _cCD1285 | ||
| 650 | _aComputer,organisation,:,fourth,semester-EC/TC/EE/IT/ME/BME/CSE,ISE | ||
| 942 | _cAA | ||
| 999 |
_c171479 _d171479 |
||